[Event "AUTO-OPEN-113"]
[Site "http://www.queenalice.com/game.php?id=20877"]
[Date "2005.7.22"]
[Round "1"]
[White "Malheur"]
[Black "LKYiao7749"]
[Result "1-0"]
[WhiteElo "1217"]
[BlackElo "873"]

1. d4 c6 2. c4 d5 3. Qa4 Bd7 4. Nc3 h6 5. g3 Nf6 6. Nf3 c5 7. Qb3 Bc6 8. Bg2 e6
9. Ne5 Qc7 10. Bf4 Nfd7 11. Ng6 1-0

[Event "AUTO-OPEN-113"]
[Site "http://www.queenalice.com/game.php?id=20878"]
[Date "2005.7.22"]
[Round "1"]
[White "LKYiao7749"]
[Black "Malheur"]
[Result "0-1"]
[WhiteElo "873"]
[BlackElo "1220"]

1. e4 e5 2. Bc4 Nf6 3. Nc3 Bb4 4. Nge2 d6 5. a3 Bxc3 6. Nxc3 b6 7. Nd5 Bb7 8.
Nxf6+ Qxf6 9. d3 Nd7 10. O-O Qg6 0-1

[Event "AUTO-OPEN-113"]
[Site "http://www.queenalice.com/game.php?id=20880"]
[Date "2005.7.22"]
[Round "1"]
[White "schachmattorwieorwatt"]
[Black "Malheur"]
[Result "1-0"]
[WhiteElo "1252"]
[BlackElo "1291"]

1. d4 Nf6 2. e3 d5 3. Nc3 c5 4. dxc5 e5 5. b4 Nc6 6. b5 Ne4 7. Nxd5 Be6 8. c4
Bxd5 9. cxd5 Nb4 10. Qa4 Bxc5 11. f3 1-0

[Event "AUTO-OPEN-113"]
[Site "http://www.queenalice.com/game.php?id=20881"]
[Date "2005.7.22"]
[Round "1"]
[White "Malheur"]
[Black "wumuyu"]
[Result "0-1"]
[WhiteElo "1215"]
[BlackElo "1631"]

1. e4 e5 2. Nc3 Nf6 3. b3 Bc5 4. Qf3 O-O 5. Bb2 d6 6. O-O-O Bg4 7. Qg3 Bxd1 8.
Nxd1 Nxe4 9. Qf3 Nf6 10. Bd3 e4 11. Bxe4 Nxe4 12. Qg4 Ng5 0-1

[Event "Let's Play Chess!"]
[Site "http://www.queenalice.com/game.php?id=20921"]
[Date "2005.7.22"]
[Round "-"]
[White "Malheur"]
[Black "Francisco"]
[Result "0-1"]
[WhiteElo "1338"]
[BlackElo "1787"]

1. c4 Nf6 2. d4 g6 3. Nc3 Bg7 4. e4 d6 5. c5 dxc5 6. e5 Nd5 7. Bc4 Nxc3 8. bxc3
cxd4 9. cxd4 e6 10. Nf3 O-O 11. Ba3 Re8 12. Ng5 Qxg5 13. O-O Nd7 14. f4 Qd8 15.
d5 Nb6 16. Bb3 Nxd5 17. Ba4 Bd7 18. Bb3 Ne3 0-1

[Event "tryout"]
[Site "http://www.queenalice.com/game.php?id=20963"]
[Date "2005.7.22"]
[Round "-"]
[White "Malheur"]
[Black "Morbid"]
[Result "0-1"]
[WhiteElo "1503"]
[BlackElo "1315"]

1. e3 Nf6 2. c4 e5 3. Nc3 h5 4. d4 e4 5. Nge2 d6 6. Qc2 Bg4 7. Nxe4 Nxe4 8.
Qxe4+ Be7 9. d5 f5 10. Qe6 Rh6 11. Qg8+ Bf8 12. e4 Rf6 13. Bg5 fxe4 14. Nf4 Qe7
15. h3 Bf5 16. Nxh5 Nd7 17. Nxf6+ Nxf6 0-1

[Event "Let's Play Chess!"]
[Site "http://www.queenalice.com/game.php?id=20968"]
[Date "2005.7.22"]
[Round "-"]
[White "Malheur"]
[Black "StenioVS"]
[Result "0-1"]
[WhiteElo "1655"]
[BlackElo "1599"]

1. c4 Nf6 2. Nc3 e5 3. e4 Bc5 4. Qf3 Nc6 5. d3 d6 6. Nge2 Bg4 7. Qg3 Nb4 8. Kd1
Bxe2+ 9. Bxe2 Qe7 10. a3 Nc6 11. Be3 Nd4 12. b4 Nxe2 13. Kxe2 Bxe3 14. fxe3 Qe6
15. Qxg7 O-O-O 16. Nd5 Nxd5 17. exd5 Qd7 18. c5 Rdg8 19. Qf6 Rxg2+ 20. Kd1 Qa4+
21. Ke1 Rhg8 22. Qxf7 Qc2 23. Qh5 Rg1+ 24. Rxg1 Rxg1# 0-1

[Event "Malheurs Untergang"]
[Site "http://www.queenalice.com/game.php?id=20999"]
[Date "2005.7.22"]
[Round "-"]
[White "Checker"]
[Black "Malheur"]
[Result "1-0"]
[WhiteElo "1456"]
[BlackElo "1223"]

1. e4 e5 2. Nf3 Nc6 3. d3 Bc5 4. Be2 Bd4 5. c3 Bxf2+ 6. Kxf2 d5 7. Be3 Nf6 8. h3
dxe4 9. Ng5 O-O 10. Qc2 Bf5 11. dxe4 Nxe4+ 12. Nxe4 Qh4+ 13. g3 Qxe4 14. Qxe4
Bxe4 15. Rd1 f5 16. Bd3 Rad8 17. Ke2 Bxd3+ 18. Rxd3 e4 19. Rxd8 Rxd8 20. Na3 Ne5
21. Bxa7 b6 22. c4 Nc6 23. Nb5 Rd3 24. Nxc7 Nxa7 25. b4 Rxg3 26. c5 bxc5 27.
bxc5 Rg2+ 28. Kf1 Rc2 29. Ne6 Kf7 30. Ng5+ Kg6 31. Ne6 e3 32. Ke1 1-0

[Event "Let's Play Chess!"]
[Site "http://www.queenalice.com/game.php?id=21004"]
[Date "2005.7.22"]
[Round "-"]
[White "StenioVS"]
[Black "Malheur"]
[Result "1-0"]
[WhiteElo "1795"]
[BlackElo "1338"]

1. d4 b6 2. c4 Nf6 3. Nf3 Ba6 4. b3 e6 5. g3 Bb7 6. Bg2 d5 7. O-O a5 8. Bb2 a4
9. Nbd2 Bb4 10. Qc2 Na6 11. a3 Bxd2 12. Nxd2 axb3 13. Nxb3 dxc4 14. Bxb7 cxb3
15. Qc6+ Qd7 16. Qxd7+ Kxd7 17. Bxa8 Rxa8 18. Rac1 c5 19. Rfd1 Rd8 20. dxc5+ Ke7
21. cxb6 Nc5 22. Bxf6+ gxf6 23. Rxd8 Kxd8 24. Rxc5 b2 25. Rb5 Kc8 26. a4 Kb7 27.
Rxb2 1-0

[Event "Challenge"]
[Site "http://www.queenalice.com/game.php?id=21056"]
[Date "2005.7.23"]
[Round "-"]
[White "Edgar"]
[Black "Malheur"]
[Result "1-0"]
[WhiteElo "1217"]
[BlackElo "1338"]

1. e4 e5 2. Nf3 Nc6 3. Bc4 Nh6 4. h3 b6 5. Bd5 Bb7 6. a3 Rb8 7. O-O Nd4 8. Nxe5
Qe7 9. Bxb7 Rxb7 10. c3 Qxe5 11. cxd4 Qxd4 12. Nc3 Bd6 13. Qf3 Qe5 14. g3 O-O
15. Nd5 Re8 16. d3 c6 17. Nc3 Bc7 18. Qe3 d5 19. exd5 Nf5 20. Qxe5 Bxe5 21. dxc6
Rc7 22. Nb5 Rxc6 23. Nxa7 1-0

[Event "Challenge I"]
[Site "http://www.queenalice.com/game.php?id=21189"]
[Date "2005.7.24"]
[Round "-"]
[White "Adriano_Pereira"]
[Black "Malheur"]
[Result "0-1"]
[WhiteElo "1410"]
[BlackElo "1500"]

1. e4 c5 2. Qh5 Nf6 3. Qf3 e5 4. Bc4 d6 5. g4 Bxg4 6. Qa3 Nxe4 7. h4 Nc6 8. f3
Nd4 9. Qa4+ Nc6 10. fxg4 Be7 11. d3 Bxh4+ 12. Ke2 Ng3+ 13. Ke3 Nxh1 14. Bd5 Bg5+
15. Ke2 Bxc1 16. Bxh1 Bxb2 17. c3 Qd7 18. Nd2 Nd4+ 19. cxd4 Qxa4 20. Rb1 Bxd4
21. Rxb7 Bxg1 22. Rb1 Qxg4+ 23. Bf3 Qg3 24. Bxa8 Qf2+ 25. Kd1 O-O 26. Ne4 Qd4
27. Bc6 Qxd3+ 28. Kc1 Be3+ 29. Kb2 d5 30. Nd6 Bd2 31. Nb5 Rb8 32. Ka1 Bc3+ 0-1

[Event "Challenge"]
[Site "http://www.queenalice.com/game.php?id=21480"]
[Date "2005.7.26"]
[Round "-"]
[White "Malheur"]
[Black "thespanishknight"]
[Result "0-1"]
[WhiteElo "1338"]
[BlackElo "1828"]

1. d4 d5 2. c4 dxc4 3. e4 Nf6 4. e5 Nd5 5. Bxc4 Nb6 6. Bd3 Nc6 7. Be3 Nb4 8. Be4
f5 9. exf6 exf6 10. Qe2 Be6 11. Nc3 c6 12. Rd1 Bd6 13. a3 N4d5 14. Qf3 Nxe3 0-1